000 00898nam a22002177a 4500
008 211102b ||||| |||| 00| 0 eng d
020 _a0195126416
050 _aPS153.N5 B554 1999
245 _aBlack imagination and the middle passage
_c/edited by Maria Diedrich, Henry Louis Gates, Jr. and Carl Pedersen
260 _bNew York:
_aOxford University Press,
_c1999.
300 _axvi, 320p.;
_c23cm.
650 _aAmerican literature
_xAfro-American authors
_xHistory and criticism
_950903
650 _aSlave-trade in literature
_950904
650 _aCaribbean literature( English)
_xBlack authors
_xHistory and criticism
_950905
650 _aAfro-Americans
_xIntellectual life
_950906
650 _aAfro-Americans in literature
_950907
650 _aSlaves in literature
_950908
650 _aBlacks in literature
_918698
650 _aSlave trade
_xHistory
_924553
942 _2lcc
_cMONOGRAPH
999 _c131076
_d131076